South Eastern Kenya University

Library Online Public Access Catalogue


Assessing the impact of farming systems and land use change on dry land plant biodiversity a case study of mwal and yatta sub-counties in machakos county, Kenya/ (Record no. 18158)

MARC details
000 -LEADER
fixed length control field 00759nam a22001817a 4500
003 - CONTROL NUMBER IDENTIFIER
control field OSt
005 - DATE AND TIME OF LATEST TRANSACTION
control field 20220316113254.0
008 - FIXED-LENGTH DATA ELEMENTS--GENERAL INFORMATION
fixed length control field 220316b |||||||| |||| 00| 0 eng d
040 ## - CATALOGING SOURCE
Original cataloging agency SEKU
050 ## - LIBRARY OF CONGRESS CALL NUMBER
Classification number S 604
Item number .M88
100 ## - MAIN ENTRY--PERSONAL NAME
Personal name Mutua, Urbanus Mutunga
245 ## - TITLE STATEMENT
Title Assessing the impact of farming systems and land use change on dry land plant biodiversity a case study of mwal and yatta sub-counties in machakos county, Kenya/
Remainder of title a thesis submitted in partial fulfillment of the requirements of the award of master of science in agricultural resources management in the department of range land agriculture of south eastern kenya university:
300 ## - PHYSICAL DESCRIPTION
Extent 63 P.:,
650 ## - SUBJECT ADDED ENTRY--TOPICAL TERM
General subdivision Dry land
650 ## - SUBJECT ADDED ENTRY--TOPICAL TERM
Chronological subdivision farming
650 ## - SUBJECT ADDED ENTRY--TOPICAL TERM
Form subdivision biodiversity
942 ## - ADDED ENTRY ELEMENTS (KOHA)
Source of classification or shelving scheme Library of Congress Classification
Koha item type Thesis
Holdings
Withdrawn status Lost status Source of classification or shelving scheme Damaged status Not for loan Home library Current library Shelving location Date acquired Full call number Barcode Date last seen Price effective from Koha item type
    Library of Congress Classification     Main Campus Library Main Campus Library Shortloan 16/03/2022 [The] S 604 .M88 2020/025109 16/03/2022 16/03/2022 Thesis
Kitui, Kenya.
+254736116989
library@seku.ac.ke